• 首页
  • 本馆介绍
  • 公告通知
  • 最新文献
  • 馆藏检索
  • 电子资源
  • 读者导购
  • 参考咨询
  • 我的图书馆
  • 登录
  • 详细信息显示
  • 放入我的书架
  • 预约/预借图书
  • 作者相关作品
  • 分类相关作品
  • 丛书相关作品
  • 出版社相关作品

书目信息

  • 表格格式
  • 工作单格式
  • 卡片格式
题名:
语文考试论
    
 
作者: 倪文锦 著
分册:  
出版信息: 南宁   广西教育出版社  1996
页数: 252页
开本: 20cm
丛书名: 学科现代教育理论书系
单 册:
中图分类: H193 , G633.3
科图分类:
主题词: 语文课--考试--概论 , 教育--各级
电子资源:
ISBN: 7-5435-2519-4
000 00795nam2 2200277 450
001 1550644748
005 20150119140436.06
010    @a7-5435-2519-4@dCNY14.50
010    @a7-5435-2520-8@b精装@dCNY19.00
100    @a20021005d1996 kemy0chiy0110 ea
101 0  @achi
102    @aCN@b450000
105    @af z 000yy
200 1  @a语文考试论@9yu wen kao shi lun@f倪文锦著
210    @a南宁@c广西教育出版社@d1996
215    @a252页@c肖像@d20cm
225 2  @a学科现代教育理论书系@i语文
300    @a国家“九五”重点图书出版规划项目
461  0 @12001 @a学科现代教育理论书系
606 0  @a语文课@x考试@x概论
606 0  @a教育@x各级
690    @aH193@v5
690    @aG633.3@v4
701  0 @a倪文锦@9ni wen jin@f(1948~)@4著
801  0 @aCN@bTSSF@c20150119
905    @aZUCC@dG633.3@eJY79
    
    语文考试论/倪文锦著.-南宁:广西教育出版社,1996
    252页:肖像;20cm.-(学科现代教育理论书系.语文)
    国家“九五”重点图书出版规划项目
    
    ISBN 7-5435-2519-4:CNY14.50
    
●
相关链接 在E读中查询图书 在五车中查询图书 在当当中查询图书 在豆瓣中查询图书


正题名:语文考试论     索取号:G633.3/JY79         预约/预借

序号 登录号 条形码 馆藏地/架位号 状态 备注
1 7848269   278482697   学院路分馆/ [索取号:G633.3/JY79] 在馆    
2 7848270   278482704   学院路分馆/ [索取号:G633.3/JY79] 在馆    
3 7848271   278482713   学院路分馆/ [索取号:G633.3/JY79] 在馆    
4 7848272   278482722   学院路分馆/ [索取号:G633.3/JY79] 在馆    
唐山师范学院图书馆 欢迎您!
大连网信软件有限公司© 版权所有